Statistics for All Ariana Grande Songs

Click here to take the quiz!

General Stats

  • This quiz has been taken 656 times
    (42 since last reset)
  • The average score is 91 of 142

Answer Stats

AlbumAnswer% Correct
positionspositions
96%
Dangerous WomanDangerous Woman
96%
thank u, nextthank u, next
93%
SweetenerGod is a woman
93%
Sweetenersweetener
93%
My EverythingMy Everything
93%
positions34+35
93%
Santa Tell Me (Single)Santa Tell Me
89%
Focus (Single)Focus
89%
Dangerous WomanSide to Side (feat. Nicki Minaj)
89%
thank u, nextimagine
89%
Somewhere Over The RainbowSomewhere Over The Rainbow
89%
feat. Lady GagaRain On Me (feat. Lady Gaga)
89%
feat. The WeekndSave Your Tears (feat. The Weeknd)
89%
thank u, nextbreak up with your girlfriend, i'm bored
86%
thank u, next7 rings
86%
Put Your Hearts Up (Single)Put Your Hearts Up
86%
Sweetenerno tears left to cry
86%
Sweetenerbreathin
86%
My EverythingOne Last Time
86%
My EverythingBreak Free (feat. Zedd)
86%
Dangerous WomanInto You
86%
Yours TrulyBaby I
82%
Sweetenersuccessful
82%
feat. Social Houseboyfriend (feat. Social House)
82%
feat. Justin BieberStuck With U (feat. Justin Bieber)
82%
Yours TrulyHoneymoon Avenue
82%
Sweetenerpete davidson
82%
Yours TrulyThe Way (feat. Mac Miller)
82%
thank u, nextbloodline
79%
SweetenerR.E.M.
79%
My EverythingProblem (feat. Iggy Azalea)
79%
Charlie's AngelsDon't Call Me Angel (feat. Miley Cyrus, Lana Del Ray)
79%
Christmas KissesSanta Baby (feat. Liz Gillies)
79%
My EverythingLove Me Harder (feat. The Weekend)
79%
thank u, nextneedy
79%
thank u, nextghostin
75%
Dangerous WomanMoonlight
75%
Sweetenerraindrops (an angel cried)
75%
positionspov
75%
thank u, nextNASA
75%
thank u, nextmake up
75%
Sweetenerget well soon
75%
feat. LizzoGood as Hell Remix (feat. Lizzo)
75%
thank u, nextfake smile
71%
My Everything (Deluxe)Bang Bang (feat. Jessie J, Nicki Minaj)
71%
positionsmotive (feat. Doja Cat)
71%
thank u, nextin my head
71%
Yours TrulyAlmost Is Never Enough (feat. Nathan Sykes)
71%
positionsoff the table (feat. The Weeknd)
71%
positionsmy hair
71%
Beauty and the BeastBeauty and the Beast (feat. John Legend)
71%
feat. Victoria MonetMONOPOLY (feat. Victoria Monet)
71%
Yours TrulyRight There (feat. Big Sean)
71%
feat. Doja CatI Don't Do Drugs (feat. Doja Cat)
71%
Sweetenerthe light is coming (feat. Nicki Minaj)
71%
positionsshut up
71%
Dangerous WomanLet Me Love You (feat. Lil Wayne)
71%
positionswest side
68%
Yours TrulyPopular Song (feat. MIKA)
68%
feat. Nicki MinajBed (feat. Nicki Minaj)
68%
Christmas & ChillDecember
68%
positionssix thirty
68%
Christmas & Chill | My EverythingIntro
68%
positionssafety net (feat. Ty Dolla Sign)
68%
Dangerous WomanGreedy
68%
positionslove language
68%
Yours TrulyBetter Left Unsaid
64%
positionsjust like magic
64%
positionsnasty
64%
Dangerous Woman (Target Bonus Tracks)Jason's Song (Gave It Away)
64%
positionsobvious
64%
Sweetenerblazed (feat. Pharrell Williams)
64%
positions (Deluxe)worst behavior
64%
positions (Deluxe)main thing
64%
Yours TrulyPiano
64%
feat. Demi LovatoMet Him Last Night (feat. Demi Lovato)
64%
positions (Deluxe)someone like u
64%
positions (Deluxe)test drive
64%
thank u, nextbad idea
64%
My EverythingBest Mistake (feat. Big Sean)
64%
Sweetenerborderline (feat. Missy Elliott)
64%
Sweetenergoodnight n go
64%
Dangerous Woman (Deluxe)Sometimes
64%
Dangerous WomanThinking 'Bout You
61%
My EverythingBe My Baby (feat. Cashmere Cat)
61%
My EverythingWhy Try
61%
feat. Cashmere CatQuit (feat. Cashmere Cat)
61%
Sweetenerbetter off
61%
My EverythingJust A Little Bit Of Your Heart
61%
My EverythingBreak Your Heart Right Back (feat. Childish Gambino)
61%
Christmas KissesLast Christmas
61%
Dangerous WomanLeave Me Lonely (feat. Macy Gray)
61%
Dangerous WomanBe Alright
61%
Dangerous WomanEveryday (feat. Future)
61%
feat. Troye SivanDance To This (feat. Troye Sivan)
57%
Sweetenereverytime
57%
Yours TrulyYou'll Never Know
57%
My Everything (Deluxe)Only 1
54%
Dangerous Woman (Deluxe)I Don't Care
54%
positions (Deluxe)34+35 Remix (feat. Doja Cat, Megan Thee Stallion)
54%
feat. Mariah Carey, Jennifer HudsonOh Santa! (feat. Mariah Carey, Jennifer Hudson)
54%
Dangerous Woman (Deluxe)Touch It
54%
Yours TrulyDaydreamin'
54%
Yours TrulyLovin' It
54%
Dangerous Woman (Deluxe)Knew Better/Forever Boy
54%
My EverythingHands On Me (feat. A$AP Ferg)
54%
Christmas & ChillWinter Things
54%
Charlie's AngelsBad to You (feat. Normani, Nicki Minaj)
50%
Yours TrulyTattooed Heart
50%
My Everything (Deluxe)You Don't Know Me
50%
Dangerous Woman (Target Bonus Tracks)Step On Up
50%
feat. 2 ChainzRule The World (feat. 2 Chainz)
50%
Christmas & ChillWit It This Christmas
50%
Christmas KissesSnow In California
50%
Christmas & ChillTrue Love
50%
feat. Stevie WonderFaith (feat. Stevie Wonder)
50%
Christmas & ChillNot Just On Christmas
50%
Dangerous WomanBad Decisions
46%
Charlie's AngelsHow I Look On You
46%
feat. Mac MillerMy Favorite Part (feat. Mac Miller)
43%
feat. Nicki MinajGet On Your Knees (feat. Nicki Minaj)
43%
Charlie's AngelsGot Her Own (feat. Victoria Monet)
39%
feat. Idina MenzelA Hand For Mrs. Claus (feat. Idina Menzel)
36%
feat. Victoria MonetBetter Days (feat. Victoria Monet)
36%
Christmas KissesLove Is Everything
36%
feat. Andrea BocceliE Piu Ti Penso (feat. Andrea Bocceli)
36%
feat. Kristin ChenowethYou Don't Own Me (feat. Kristin Chenoweth)
32%
feat. Meghan Trainor, Who Is FancyBoys Like You (feat. Meghan Trainor, Who Is Fancy)
32%
feat. Cashmere CatAdore (feat. Cashmere Cat)
29%
feat. Chris BrownDon't Be Gone Too Long (feat. Chris Brown)
29%
The Hunger Games: MockingjayAll My Love (feat. Major Lazer, Machel Montano)
29%
feat. Justin BieberWhat Do You Mean (feat. Justin Bieber)
29%
feat. Nathan SykesOver and Over Again (feat. Nathan Sykes)
29%
feat. Big SeanResearch (feat. Big Sean)
29%
TrollsThey Don't Know
25%
My Everything (Target Bonus Tracks)Cadillac Song
25%
feat. Young Thug, Pharell Williams, Calvin HarrisHeatstroke (feat. Calvin Harris, Young Thug, Pharell Williams)
25%
Charlie's AngelsNobody (feat. Chaka Khan)
21%
My Everything (Target Bonus Tracks)Too Close
21%
feat. Childish GambinoTime (feat. Childish Gambino)
21%

Score Distribution

Percentile by Number Answered

Percent of People with Each Score

Your Score History

You have not taken this quiz since the last reset